000 00492nam a2200205Ia 4500
008 170918s9999 xx 000 0 und d
020 _a590442872
050 _bB852 1989
100 _aBridwell, Norman
245 _aClifford's halloween /
245 _cNorman Bridwell.
260 _aNew York :
260 _bScholastic,
260 _c1989
300 _aunpaged :
300 _bcolored illustration ;
300 _c21cm.
440 _aClifford the big red dog.
500 _a370
999 _c342568
_d342568